Score 0/20 Timer 03:00
0 Plays Today
% Correct
Hawk
96.2%
Havana
92.2%
Hockey
89.4%
Hobby
86.3%
Helium
79.9%
Hammer
77.3%
Handball
72.5%
Hydrogen
69.1%
Heron
66.9%
Hummingbird
65.7%
% Correct
Hanoi
62.9%
Hurdles
56.6%
Helsinki
55.7%
Helicopter
46.2%
Harare
30.4%
Holmium
25.5%
Hassium
25.2%
Hafnium
23.5%
Heptathlon
20.6%
Honiara
8.8%

You're not logged in!

Compare scores with friends on all Sporcle quizzes.
OR
Log In

Sporcle TV

Today on Sporcle TV


Watch our educational content, quiz creation guides, and fun videos on Sporcle TV.

Show Comments

Extras

Top Quizzes Today


Score Distribution

Paid Content

Your Account Isn't Verified!

In order to create a playlist on Sporcle, you need to verify the email address you used during registration. Go to your Sporcle Settings to finish the process.

Report this User

Report this user for behavior that violates our Community Guidelines.

Details: